000 00821nam a2200277 i 4500
001 bg
100 1 _aTAYLOR, Shirley
245 1 0 _aGartside's model business letters and other business documents /
_cShirley Taylor, Leonard Gartside.
250 _a5th ed.
260 _aLondon [etc.] :
_bFinancial Times :
_bPitman,
_c1998.
300 _aXII, 388 s. :
_brys. ;
_c24 cm.
650 9 _aKorespondencja urzędowa
650 9 _aKorespondencja handlowa
650 9 _aFormularze i druki
650 9 _aPrzedsiębiorstwo
_xorganizacja
655 _aPoradniki
655 _aTablice i wzory
700 1 _aGARTSIDE, Leonard
020 _a0273633082
040 _cBPK
041 0 _aen
080 _a658.1/.5.012.4:651.7](083)
920 _a0-273-63308-2
942 _cKS
008 s pl f |000 0 pol
999 _c34030
_d34030